Ochrana obchodného tajomstva.

Vysvetlenie pojmu obchodné tajomstvo. Znaky, ktoré vymedzujú obchodné tajomstvo. Právna ochrana, ktorá prislúcha podnikateľovi proti porušovaniu alebo ohrozeniu obchodného tajomstva. Nároky pri porušení. Odlišnosť právneho režimu ochrany obchodného tajomstva, ktoré je súčasne predmetom duševného vla...

Description complète

Enregistré dans:
Détails bibliographiques
Auteur principal: Bernáth, V.
Format: Chapitre de livre
Langue:slovaque
Sujets:
Tags: Ajouter un tag
Pas de tags, Soyez le premier à ajouter un tag!

MARC

LEADER 00000naa a2200000 4500
001 r009186
005 20220831083924.3
041 0 |a slo 
044 |a [CS] 
245 1 0 |a Ochrana obchodného tajomstva.  |c V. Bernáth 
520 |a Vysvetlenie pojmu obchodné tajomstvo. Znaky, ktoré vymedzujú obchodné tajomstvo. Právna ochrana, ktorá prislúcha podnikateľovi proti porušovaniu alebo ohrozeniu obchodného tajomstva. Nároky pri porušení. Odlišnosť právneho režimu ochrany obchodného tajomstva, ktoré je súčasne predmetom duševného vlastníctva. Prevod obchodného tajomstva. 
610 2 0 |a právo obchodné 
610 2 0 |a zákonník obchodný 
610 2 0 |a ochrana právna 
610 2 0 |a podnikanie 
610 2 0 |a obchod 
100 1 |a Bernáth, V.